Which country football game? - Statistics

General Stats
  • This quiz has been taken 17 times
  • The average score is 17 of 22
Answer Stats
Hint Answer % Correct
Arab Contractors - Pyramids Egypt
100%
Nice - Brest France
100%
Como - Juventus Italy
100%
Al-Arabi - Al-Sadd Qatar
100%
Seoul - Gangwon S. Korea
100%
Tanzania Prisons - Simba Tanzania
100%
Muang Thong - Bangkok Thailand
100%
Bolívar - The Strongest Bolivia
94%
Wimbledon - Reading England
94%
Celtic - Hearts Scotland
94%
Galaxy - Timbers USA
94%
Sparta - Ajax Netherlands
88%
Brann - Viking Norway
81%
Orlando Pirates - Richards Bay South Africa
81%
Vasco da Gama - Juventude Brazil
69%
Santos - Tigres Mexico
69%
Trans - Flora Estonia
56%
Royal Vision - Flambeau du Centre Burundi
50%
Hobro - Middelfart Denmark
50%
Boston River - Wanderers Uruguay
50%
Hakka - Port China
38%
Korona - Motor Poland
19%
No matching quizzes found
Score Distribution
Percent of People with Each Score
Percentile by Number Answered
Your Score History
You have not taken this quiz